| 000 | 00844nam a2200217 a 4500 | ||
|---|---|---|---|
| 001 | 1513 | ||
| 003 | BR-CuiBMT | ||
| 005 | 20231219192748.0 | ||
| 008 | 231213s2005 rsba 000 0 por d | ||
| 040 |
_aBR-CuiBMT _cBR-CuiBMT |
||
| 080 |
_a351.94:336.148 _x(816.5) _22007 |
||
| 090 |
_a351.94:336.148(816.5) _bR585a |
||
| 110 | 1 |
_aRio Grande do Sul. _bTribunal de Contas. |
|
| 245 | 1 | 0 |
_aÁlbum do Tribunal de Contas do Estado do Rio Grande do Sul : _bedição especial 70 anos : 1935-2005 / _cTribunal de Contas do Estado. |
| 260 |
_aPorto Alegre : _bTCE-RS, _c[2006?]. |
||
| 300 |
_a110 p. : _bil. color. ; _c29 x 29 cm |
||
| 610 | 1 |
_aRio Grande do Sul. _bTribunal de Contas. _xHistória |
|
| 650 |
_aAdministração pública _xControle externo _zRio Grande do Sul |
||
| 650 |
_aTribunal de contas _xHistória _zPorto Alegre (RS) |
||
| 942 |
_2udc _cLV |
||
| 999 |
_c1513 _d1513 |
||